000 00805nam a22002657a 4500
001 7542
003 FISKH
005 20250723152024.0
008 250723b cb ||||| |||| 00| 0 eng d
020 _a9780811854108
040 _aFISKH
_beng
_cFISKH
_dFISKH
050 _aQL666.O6 S454
082 _a597.96
100 _aSimon, Seymour
245 _aGiant snakes /
_cSeymour Simon
260 _aCalifornia :
_bChronicle Book,
_c2006.
300 _a32 unnumbered pages :
_bcolor illustrations ;
_c24 cm
505 _aM
520 _aDescribes a number of giant snakes including boas and pythons, where they live, what they eat, and how they hunt.
521 8 _a530
_bLexile
521 8 _aM
_bRaz-Plus
650 _aAnimals
_vScience
_xReptiles
942 _2ddc
_cBK
_n0
999 _c7542
_d7542